000 00671nam a22002057a 4500
005 20251108164646.0
008 250721s1964 xx 000 0 ara d
082 1 4 _a414.2/زمل
100 1 _aالزملكاني، كمال الدين عبد الواحد
245 1 0 _aالتبيان في علم البيان المطلع على إعجاز القرآن /
264 1 _aبغداد :
_bمطبعة بغداد،
_c1964.
300 _a256ص
650 1 7 _aاللغة العربية
650 1 7 _aالبلاغة
650 1 7 _aالبيان
700 1 _aمطلوب، أحمد
_eتحقيق
700 1 _aالحديثي، خديجة
942 _2ddc
_cBK
999 _c11156
_d11156